<?xml version="1.0" encoding="UTF-8"?>
<marc:record xmlns:marc="http://www.loc.gov/MARC21/slim">
   <marc:leader>00000nam a2200000 a 4500</marc:leader>
   <marc:datafield ind1="1" ind2=" " tag="100">
      <marc:subfield code="a">Liberaki, Margarita</marc:subfield>
      <marc:subfield code="4">aut</marc:subfield>
      <marc:subfield code="e">Verfasser/-in</marc:subfield>
   </marc:datafield>
   <marc:datafield ind1=" " ind2=" " tag="653">
      <marc:subfield code="a">Familie</marc:subfield>
   </marc:datafield>
   <marc:datafield ind1=" " ind2=" " tag="653">
      <marc:subfield code="a">Liebe</marc:subfield>
   </marc:datafield>
   <marc:datafield ind1=" " ind2=" " tag="653">
      <marc:subfield code="a">Griechenland</marc:subfield>
   </marc:datafield>
   <marc:datafield ind1=" " ind2=" " tag="653">
      <marc:subfield code="a">Sommer</marc:subfield>
   </marc:datafield>
   <marc:datafield ind1=" " ind2=" " tag="653">
      <marc:subfield code="a">Jugend</marc:subfield>
   </marc:datafield>
   <marc:datafield ind1=" " ind2=" " tag="653">
      <marc:subfield code="a">Schwester</marc:subfield>
   </marc:datafield>
   <marc:datafield ind1=" " ind2=" " tag="653">
      <marc:subfield code="a">Autor &lt;Griechenland&gt;</marc:subfield>
   </marc:datafield>
   <marc:datafield ind1="0" ind2="0" tag="245">
      <marc:subfield code="a">Drei Sommer</marc:subfield>
   </marc:datafield>
   <marc:datafield ind1="0" ind2="0" tag="245">
      <marc:subfield code="b">Roman</marc:subfield>
   </marc:datafield>
   <marc:datafield ind1=" " ind2="1" tag="264">
      <marc:subfield code="b">Arche</marc:subfield>
      <marc:subfield code="c">2021</marc:subfield>
   </marc:datafield>
   <marc:datafield ind1="1" ind2=" " tag="520">
      <marc:subfield code="a">Maria (20), Infanta (18) und Katerina (16) leben in den 1930ern auf einem Landgut in der Nähe von Athen und teilen alle Geheimnisse miteinander. Dabei könnten die Schwestern unterschiedlicher nicht sein: Maria ist ständig in einen anderen Jungen verliebt, Infanta widmet sich lieber ihren Stickereien, und Katerina will als Schriftstellerin die Welt bereisen. Jeder Sommer, der vergeht, führt die Lebenswege der drei in unterschiedlichere Richtungen. Besonders Katerina löst sich immer mehr aus dem Familienverbund und blickt hinter die Fassaden der ländlichen Idylle. Dabei gibt ihr vor allem das einsame Leben ihrer geschiedenen Mutter Anna große Rätsel auf. Der Versuch, diese zu lösen und sich dabei nicht von der ersten ohnmächtigen Liebe vereinnahmen zu lassen, stellt Katerina schließlich vor eine brennende wie zeitlose Frage: Muss ich als Frau auf Liebe und Familie verzichten, um selbstbestimmt und freiheitlich zu leben?</marc:subfield>
   </marc:datafield>
   <marc:datafield ind1=" " ind2=" " tag="020">
      <marc:subfield code="a">9783716027981</marc:subfield>
      <marc:subfield code="9">9783716027981</marc:subfield>
   </marc:datafield>
</marc:record>
